000 00645cam a2200181u 4500
001 000011037
005 20200929162339.0
008 850515s1960 ck 000 0 spa
040 _aDO-SdBNP
_bspa
_cBNPHU
100 1 _aSarria, Eustorgio. [from old catalog]
_926486
245 1 0 _aDerecho de minas; :
_bregimen juridico del subsuelo.
250 _a2. ed., notablemente adicionada.
260 _aBogota, :
_bEditorial Temis,
_c1960.
300 _a376 p. ;
_c24 cm.
650 0 _aMining law
_zColombia.
_926487
650 0 _aPetroleum law and legislation
_zColombia.
_926488
650 0 _aRadioactive substances
_xLaw and legislation
_zColombia.
_926489
999 _c10771
_d10771